Carteles de la Guerra Civil (Registro nro. 13192)
[ vista simple ]
| 000 -LIDER | |
|---|---|
| fixed length control field | 00657nam a22001697a 4500 |
| 003 - IDENTIFICACDOR DE NÚMERO DE CONTROL | |
| control field | DO-SdBNP |
| 005 - DATE AND TIME OF LATEST TRANSACTION | |
| control field | 20171129092208.0 |
| 008 - ELEMENTOS DE LONGITUD FIJA | |
| fixed length control field | 171129b 2009sp||||| |||| 00| 0 spa d |
| 040 ## - FUENTE DE CATALOGACIÓN | |
| Agencia que crea de manera original el registro | BNPHU |
| Idioma de catalogación | spa |
| Agencia que realiza la transcripción | BNPHU |
| 245 0# - MENCIÓN DE TITULO | |
| Título | Carteles de la Guerra Civil |
| Medio (Designación general de material) | [ Material gráfico] |
| 260 ## - PUBLICACIÓN, DISTRIBUCIÓN, ETC. (PIE DE IMPRENTA) | |
| Lugar de publicación, distribución, etc | Barcelona: |
| Nombre del editor, distribuidor, etc. | Sol 90, |
| Fecha de publicación, distribución, etc | 2009. |
| 300 ## - DESCRIPCIÓN FÍSICA | |
| Extensión | 1 carpeta (40 làminas) : |
| Otros detalles físicos | col., ; |
| Dimensiones | 31 cm. |
| 500 ## - NOTA GENERAL | |
| Nota general | Reproducción de carteles (Biblioteca del Pavelló de la República) realizada por el diario "Público" |
| 710 ## - ASIENTO SECUNDARIO -- NOMBRE CORPORATIVO | |
| Nombre corporativo o de jurisdicción | Universidad de Barcelona . b Biblioteca . b Pavelló de la República. |
| Unidad subordinada | Biblioteca. Pavelló |
| 942 ## - ADDED ENTRY ELEMENTS (KOHA) | |
| Source of classification or shelving scheme | Dewey Decimal Classification |
| Koha item type | Libros |
| 945 ## - INFORMACIÓN DE PROCESAMIENTO LOCAL | |
| Información de procesamiento local | Inventariado, 2017/MFF |
| Withdrawn status | Lost status | Source of classification or shelving scheme | Damaged status | Not for loan | Collection code | Home library | Current library | Date acquired | Total Checkouts | Barcode | Date last seen | Price effective from | Koha item type |
|---|---|---|---|---|---|---|---|---|---|---|---|---|---|
| Dewey Decimal Classification | Colección General | Biblioteca Pública Metropolitana Salomé Ureña | Biblioteca Pública Metropolitana Salomé Ureña | 11/29/2017 | BPMSU17110520 | 11/29/2017 | 11/29/2017 | Libros |